00230nam a2200085Ia 4500008004100000100001600041245004100057260003700098300000900135190216s9999||||xx |||||||||||||| ||und|| aSaksena S C 0aPrinciples Of Practice Of Management bNew Central Book Agenciesc1993 a329p